000 00663nam a2200253 i 4500
001 C2-0294323
003 PPAK
005 20180728030049.0
008 090209s2007 my |||| ||||| | may d
020 _a9831270436
040 _aPPAK
_beng
_cPPAK
_erda
082 0 4 _a899.233
_223
090 0 0 _a899.233
_bMIS
_dK
245 0 0 _aMisteri planet hijau
264 1 _aTriang :
_bKedai Buku SBY ,
_c2007
300 _a96 pages ;
_c17 cm
336 _2rdacontent
_atext
337 _2rdamedia
_aunmediated
338 _2rdacarrier
_avolume
490 1 _aSiri misteri sains
650 1 0 _aChildren's stories, Malay
830 0 _aSiri misteri sains
942 _ddc
_cB
999 _c98973
_d98973